000
00319nam a2200121Ia 4500
008
190216s9999||||xx |||||||||||||| ||und||
100
_a
Milton Harris & Wamser C C
245
0
_a
Fundamentals Of Organic Reaction Mechanisms
260
_b
John Wiley & Sons
_c
1976
300
_a
384p
650
_a
Chemistry
942
_c
BK
999
_c
2293
_d
2293